000
00330nam a2200133Ia 4500
008
240624s9999 xx 000 0 und d
041
_a
eng
082
_a
336.2 MIT
100
_a
MITTAL D P
245
_a
INDIAN DOUBLE TAXATION AGREEMENTS AND TA
250
_a
(7th ed.)
260
_c
2014
_a
New Delhi
_b
Taxmann
365
_c
RS
_b
25.4
999
_c
26550
_d
26550